[Event "Prague Golden 65+ op 17th"]
[Site "Prague"]
[Date "2022.07.15"]
[Round "7"]
[White "Werner, Roman"]
[Black "Melich, Jindrich"]
[Result "0-1"]
[WhiteElo "1595"]
[BlackElo "2052"]
[PlyCount "72"]
[EventDate "2022.07.09"]
[EventType "swiss"]
[EventRounds "9"]
[EventCountry "CZE"]
[SourceTitle "CBM 209 Extra"]
[Source "ChessBase"]
[SourceDate "2022.09.30"]
[SourceVersion "1"]
[SourceVersionDate "2022.09.30"]
[SourceQuality "1"]

1. e4 d6 2. d4 Nf6 3. Nc3 g6 4. Bg5 h6 5. Bxf6 exf6 6. Nf3 Bg7 7. Bd3 Nc6 8. Ne2 0-0 9. c3 b6 10. 0-0 Bb7 11. Re1 d5 12. exd5 Qxd5 13. Nf4 Qd6 14. Qd2 f5 15. Nh4 Rfe8 16. b4 Ne7 17. Bc4 Nd5 18. Nxd5 Bxd5 19. Bxd5 Qxd5 20. Nf3 Re4 21. Rac1 Rae8 22. Rxe4 fxe4 23. Qe3 f5 24. c4 Qd7 25. Ne5 Bxe5 26. dxe5 Qg7 27. f4 exf3 28. e6 f4 29. Qe4 Qf6 30. Re1 fxg2 31. Kxg2 Kg7 32. e7 c6 33. b5 cxb5 34. cxb5 Qb2+ 35. Kg1 Qxb5 36. Qxf4 Qc5+ 0-1

[Event "Prague Golden 65+ op 17th"]
[Site "Prague"]
[Date "2022.07.11"]
[Round "3"]
[White "Krnak, Vladimir"]
[Black "Werner, Roman"]
[Result "1/2-1/2"]
[WhiteElo "1718"]
[BlackElo "1595"]
[PlyCount "108"]
[EventDate "2022.07.09"]
[EventType "swiss"]
[EventRounds "9"]
[EventCountry "CZE"]
[SourceTitle "CBM 209 Extra"]
[Source "ChessBase"]
[SourceDate "2022.09.30"]
[SourceVersion "1"]
[SourceVersionDate "2022.09.30"]
[SourceQuality "1"]

1. d4 Nf6 2. c4 g6 3. Nc3 Bg7 4. e4 d6 5. Be2 0-0 6. Nf3 e5 7. 0-0 Nc6 8. d5 Ne7 9. b4 b6 10. Ne1 Ne8 11. Be3 f5 12. f3 f4 13. Bf2 g5 14. g4 fxg3 15. hxg3 h5 16. Kg2 Ng6 17. Rh1 Nf6 18. c5 g4 19. cxd6 cxd6 20. Be3 gxf3+ 21. Nxf3 Ng4 22. Bg5 Bf6 23. Qd2 Bxg5 24. Qxg5 Qxg5 25. Nxg5 Ne3+ 26. Kg1 Bg4 27. Bxg4 hxg4 28. Nb5 Rac8 29. a3 Rc2 30. Rh2 Rxh2 31. Kxh2 Rf2+ 32. Kh1 Rg2 33. Rg1 Ra2 34. Re1 Nc4 35. Rc1 Ne3 36. Nxd6 Rxa3 37. Nb5 Ra2 38. d6 Rd2 39. Rc3 a6 40. Nc7 Nd1 41. Rc6 Nf2+ 42. Kg1 Nh3+ 43. Kf1 Nxg5 44. d7 Nf8 45. Rxb6 Rxd7 46. Nxa6 Nxe4 47. Rb8 Nxg3+ 48. Kg2 Ne4 49. Re8 Rd2+ 50. Kg1 Rd5 51. Nc7 Rd1+ 52. Kg2 Rd2+ 53. Kg1 Rd1+ 54. Kg2 Rd2+ 1/2-1/2

[Event "Prague Autumn op 1st"]
[Site "Prague"]
[Date "2021.09.25"]
[Round "2"]
[White "Werner, Roman"]
[Black "Korniichuk, Oleksandra"]
[Result "1/2-1/2"]
[WhiteElo "1543"]
[BlackElo "1775"]
[PlyCount "57"]
[EventDate "2021.09.24"]
[EventType "swiss"]
[EventRounds "5"]
[EventCountry "CZE"]
[SourceTitle "CBM 204 Extra"]
[Source "ChessBase"]
[SourceDate "2021.11.30"]
[SourceVersion "1"]
[SourceVersionDate "2021.11.30"]
[SourceQuality "1"]

1. e4 c5 2. Nf3 e6 3. d4 cxd4 4. Nxd4 a6 5. c4 Bb4+ 6. Bd2 Bxd2+ 7. Qxd2 Ne7 8. Nc3 0-0 9. Be2 d5 10. Rd1 dxc4 11. Bxc4 b5 12. Bb3 Qb6 13. 0-0 Bb7 14. Qg5 Ng6 15. Kh1 Nc6 16. Nxc6 Qxc6 17. f3 h6 18. Qg3 Rad8 19. h4 a5 20. a4 b4 21. Nb5 Ba6 22. h5 Ne7 23. Qe5 Qb6 24. Bc4 Nc6 25. Qf4 Na7 26. Rd6 Rxd6 27. Nxd6 Bxc4 28. Nxc4 Qa6 29. b3 1/2-1/2

[Event "Prague Autumn op 1st"]
[Site "Prague"]
[Date "2021.09.24"]
[Round "1"]
[White "Turner, Radek"]
[Black "Werner, Roman"]
[Result "1/2-1/2"]
[WhiteElo "2047"]
[BlackElo "1543"]
[PlyCount "58"]
[EventDate "2021.09.24"]
[EventType "swiss"]
[EventRounds "5"]
[EventCountry "CZE"]
[SourceTitle "CBM 204 Extra"]
[Source "ChessBase"]
[SourceDate "2021.11.30"]
[SourceVersion "1"]
[SourceVersionDate "2021.11.30"]
[SourceQuality "1"]

1. c4 Nf6 2. g3 g6 3. Bg2 Bg7 4. Nc3 0-0 5. e4 d6 6. Nge2 c5 7. 0-0 Nc6 8. d3 Bg4 9. h3 Bd7 10. Be3 a6 11. Kh2 e5 12. Qd2 Nd4 13. f4 Rb8 14. fxe5 dxe5 15. Nd5 Nxd5 16. cxd5 f5 17. Bg5 Qb6 18. Nc3 Rbc8 19. Rf2 c4 20. dxc4 Rxc4 21. Raf1 Qd6 22. Bh6 Rcc8 23. Bxg7 Kxg7 24. Kh1 b5 25. exf5 Bxf5 26. g4 Bc2 27. Rxf8 Rxf8 28. Rxf8 Qxf8 29. Qe3 Qf4 1/2-1/2

[Event "Prague op-B 18th"]
[Site "Prague"]
[Date "2019.01.15"]
[Round "6"]
[White "Korbel, Jiri"]
[Black "Werner, Roman"]
[Result "1/2-1/2"]
[WhiteElo "1343"]
[BlackElo "1585"]
[PlyCount "45"]
[EventDate "2019.01.11"]
[EventType "swiss"]
[EventRounds "9"]
[EventCountry "CZE"]
[SourceTitle "CBM 188 Extra"]
[Source "ChessBase"]
[SourceDate "2019.02.26"]
[SourceVersion "1"]
[SourceVersionDate "2019.02.26"]
[SourceQuality "1"]

1. d4 Nf6 2. Nc3 g6 3. e4 d6 4. h3 Bg7 5. Nf3 0-0 6. Bd3 c6 7. 0-0 b5 8. b4 Bb7 9. Bb2 Nbd7 10. Ne2 a6 11. c3 e6 12. Ng3 Qb6 13. a3 Rfe8 14. Qc2 c5 15. Rad1 h5 16. Rfe1 Rac8 17. Qe2 cxb4 18. cxb4 Rc7 19. Rc1 Rec8 20. Rxc7 Rxc7 21. Rc1 Rxc1+ 22. Bxc1 Qc6 23. Qc2 1/2-1/2

[Event "Prague op-B 15th"]
[Site "Prague"]
[Date "2016.01.08"]
[Round "1"]
[White "Werner, Roman"]
[Black "Pflantz, Mike"]
[Result "1/2-1/2"]
[WhiteElo "1654"]
[BlackElo "2067"]
[PlyCount "56"]
[EventDate "2016.01.08"]
[EventType "swiss"]
[EventRounds "9"]
[EventCountry "CZE"]
[SourceTitle "CBM 170 Extra"]
[Source "ChessBase"]
[SourceDate "2016.02.25"]
[SourceVersion "1"]
[SourceVersionDate "2016.02.25"]
[SourceQuality "1"]

1. e4 d5 2. exd5 Qxd5 3. Nc3 Qa5 4. d4 c6 5. Nf3 Bf5 6. Bd3 e6 7. 0-0 Nf6 8. Ne5 Bxd3 9. Qxd3 Be7 10. Bd2 Qc7 11. Qg3 g6 12. Rfe1 Nbd7 13. Rad1 Nh5 14. Qf3 0-0 15. Bh6 Ng7 16. Ne4 Nxe5 17. Nf6+ Bxf6 18. Qxf6 Nh5 19. Qxe5 Qxe5 20. Rxe5 Rfd8 21. c4 Nf6 22. f3 Nd7 23. Re2 Nb6 24. b3 Re8 25. Rde1 Rad8 26. Re4 Nc8 27. g4 Nd6 28. Re5 a6 1/2-1/2

[Event "Prague op-B 14th"]
[Site "Prague"]
[Date "2015.01.12"]
[Round "5"]
[White "Sorensen, Bernhard"]
[Black "Werner, Roman"]
[Result "0-1"]
[WhiteElo "1693"]
[BlackElo "1610"]
[PlyCount "60"]
[EventDate "2015.01.09"]
[EventType "swiss"]
[EventRounds "9"]
[EventCountry "CZE"]
[SourceTitle "CBM 164 Extra"]
[Source "ChessBase"]
[SourceDate "2015.03.02"]
[SourceVersion "1"]
[SourceVersionDate "2015.03.02"]
[SourceQuality "1"]

1. d4 Nf6 2. e3 g6 3. Bd3 Bg7 4. f4 e6 5. Nf3 0-0 6. 0-0 d6 7. b3 c5 8. Bb2 Nc6 9. c3 a6 10. dxc5 dxc5 11. e4 b5 12. Bc2 Bb7 13. e5 Nd5 14. Bc1 c4 15. Nd4 Qb6 16. Kh1 Rfd8 17. bxc4 bxc4 18. Nxc6 Bxc6 19. Qe1 Bf8 20. Na3 Bxa3 21. Bxa3 Ne3 22. Rb1 Bxg2+ 23. Kg1 Qa7 24. Qf2 Bxf1 25. Be4 Bd3 26. Rb7 Bxe4 27. Rxa7 Rd1+ 28. Qe1 Rxe1+ 29. Kf2 Rxa7 30. Kxe1 Nc2+ 0-1

[Event "Prague op-B 14th"]
[Site "Prague"]
[Date "2015.01.11"]
[Round "4"]
[White "Vitek, Jan"]
[Black "Werner, Roman"]
[Result "1-0"]
[WhiteElo "1791"]
[BlackElo "1610"]
[PlyCount "67"]
[EventDate "2015.01.09"]
[EventType "swiss"]
[EventRounds "9"]
[EventCountry "CZE"]
[SourceTitle "CBM 164 Extra"]
[Source "ChessBase"]
[SourceDate "2015.03.02"]
[SourceVersion "1"]
[SourceVersionDate "2015.03.02"]
[SourceQuality "1"]

1. e4 c5 2. Nf3 Nc6 3. d4 cxd4 4. Nxd4 Nf6 5. Nc3 e5 6. Ndb5 d6 7. Bg5 a6 8. Na3 b5 9. Nd5 Qa5+ 10. Bd2 Qd8 11. Be3 Nxd5 12. exd5 Ne7 13. c4 Nf5 14. cxb5 Nxe3 15. fxe3 Qh4+ 16. Kd2 Qb4+ 17. Kc1 Qc5+ 18. Qc2 Qxe3+ 19. Qd2 Qc5+ 20. Kd1 Bg4+ 21. Be2 Bxe2+ 22. Kxe2 axb5 23. Rhc1 Qb6 24. Rc6 Qa5 25. Rc8+ Kd7 26. Qxa5 Rxa5 27. Rac1 Ra7 28. Nxb5 Rb7 29. R1c6 h6 30. b3 Rh7 31. Rxf8 Rxb5 32. Rxf7+ Ke8 33. Ra7 Rb8 34. Rxd6 1-0